| 000 | 00351nam a2200121Ia 4500 | ||
|---|---|---|---|
| 008 | 210430s9999 xx 000 0 und d | ||
| 082 | _a571.6 R6289 C | ||
| 100 | _aE.D.P. De Robertis, M.D | ||
| 245 |
_aCell And Molecular Biology _cE.D.P. De Robertis, M.D |
||
| 260 |
_aIslamabad _bNational book Foundation _c2010 |
||
| 300 | _a734p | ||
| 942 |
_cBK _2ddc |
||
| 999 |
_c563285 _d563285 |
||